Kubrador : (Record no. 109491)
[ view plain ]
| 000 -LEADER | |
|---|---|
| fixed length control field | 00412nam a2200145 a 4500 |
| 005 - DATE AND TIME OF LATEST TRANSACTION | |
| control field | 20140414093844.0 |
| 008 - FIXED-LENGTH DATA ELEMENTS--GENERAL INFORMATION | |
| fixed length control field | 090910s19uu xx uuu eng d |
| 050 ## - LIBRARY OF CONGRESS CALL NUMBER | |
| Classification number | VCD 791.43 |
| Item number | KUB 2007 |
| 100 ## - MAIN ENTRY--PERSONAL NAME | |
| Personal name | Jeturian, Jeffrey |
| 245 ## - TITLE STATEMENT | |
| Title | Kubrador : |
| Remainder of title | the bet collector / |
| Statement of responsibility, etc | Jeffrey Jeturian. |
| 260 ## - PUBLICATION, DISTRIBUTION, ETC. (IMPRINT) | |
| Place of publication, distribution, etc | Philippines : |
| Name of publisher, distributor, etc | Paragon Home Video, |
| Date of publication, distribution, etc | c2007. |
| 650 ## - SUBJECT ADDED ENTRY--TOPICAL TERM | |
| Topical term or geographic name as entry element | Motion pictures. |
| 942 ## - ADDED ENTRY ELEMENTS (KOHA) | |
| Koha item type | Audio Visual Materials |
| Withdrawn status | Lost status | Damaged status | Home library | Current library | Shelving location | Date acquired | Source of acquisition | Total Checkouts | Total Renewals | Full call number | Barcode | Date last seen | Date checked out | Price effective from | Koha item type |
|---|---|---|---|---|---|---|---|---|---|---|---|---|---|---|---|
| Luxembourg Library | Luxembourg Library | Audio Visual Material Section | 09/10/2009 | 2 | 5 | VCD 791.43 KUB 2007 | AV1141 | 09/02/2016 | 08/01/2016 | 04/14/2014 | Audio Visual Materials |